000 00584nam a2200241 a 4500
001 nice12345678
003 IN_TiNIC
005 20260116013021.0
008 050524s1989 mada grp 000 0 tel
020 _a
_c100
082 0 0 _a220.9505
_bBUN
100 _aBunyan, John
245 _aYatrikuni Prayanamu, Pilgrim`s Progress
260 _aMadras
_bIndia Bible Literature
_c1989
300 _a265p
500 _aincludes index and biblioraphy
505 2 _aindex
650 _aBible Stories
700 1 _aBunyan, John
902 _bSRS
942 _cBK
999 _c9290
_d9290